INDIA THE MAINSPRING OF DEMOCRATIC TRADITIONS (Record no. 32121)

MARC details
000 -LEADER
fixed length control field 00303nam a22001337a 4500
003 - CONTROL NUMBER IDENTIFIER
control field SGT
082 ## - DEWEY DECIMAL CLASSIFICATION NUMBER
Classification number 320.954
Item number DUT
100 ## - MAIN ENTRY--PERSONAL NAME
Personal name DUTTA PRIYADARSHI
245 ## - TITLE STATEMENT
Title INDIA THE MAINSPRING OF DEMOCRATIC TRADITIONS
260 ## - PUBLICATION, DISTRIBUTION, ETC. (IMPRINT)
Place of publication, distribution, etc INDIA
Year of Publication 2023
Name of publisher, distributor, etc ICCR PUB
300 ## - PAGE DESCRIPTION
No. of Pages XCIV
650 ## - SUBJECT ADDED ENTRY--TOPICAL TERM
Topical term or geographic name as entry element BJMC
942 ## - ADDED ENTRY ELEMENTS (KOHA)
Source of classification or shelving scheme Dewey Decimal Classification
Koha item type Books
Holdings
Withdrawn status Lost status Source of classification or shelving scheme Damaged status Not for loan Home library Current library Date acquired Vendor Name Cost, normal purchase price SGTU Bill Number Total Checkouts Full call number Accession No. (Barcode) Date last seen Bill Date Koha item type
    Dewey Decimal Classification     SGT Science & Social Sciences Library SGT Science & Social Sciences Library 19/07/2025 BRIJWASHI DELHI 720.00 SGTU BW/000215   320.954 DUT MC1215 19/07/2025   Books